Elementos de filosofía especulativa (Registro nro. 72742)
[ vista simple ]
| 000 -ENCABEZADO | |
|---|---|
| Número de control [NR] | 02414nam a2200301Ia 4500 |
| 005 - FECHA Y HORA DE LA ÚLTIMA TRANSACCIÓN | |
| control field | 20190125110826.0 |
| 008 - DE LONGITUD FIJA DE DATOS DE ELEMENTOS - INFORMACIÓN GENERAL | |
| Elementos de longitud fija [NR] | 130821s1884 sp fr 1 spa d |
| 040 ## - FUENTE DE CATALOGACION [NR] | |
| Agencia de catalogación original [NR] | Co-BoUCM |
| Idioma de catalogación [NR] | spa |
| Quien Cataloga | Sandra Yazo |
| Quien Clasifica | Sandra Yazo |
| 041 0# - CODIGO DE IDIOMA [R] | |
| Código de idioma para texto/pista de sonido o título separado [R] | Español |
| 082 04 - NUMERO DE CLASIFICACION DECIMAL DEWEY [R] | |
| Número de clasificación [R] | 189.4 |
| Número de la edición [NR] | 20 |
| 092 ## - SIGNATURA TOPOGRAFICA LOCAL | |
| Número de clasificación local | E09N035 |
| 100 1# - ASIENTO PRINCIPAL--NOMBRE PERSONAL [NR] | |
| Nombre personal [NR] | Prisco, José |
| ID Autoridad | 64333 |
| Fechas asociadas con el nombre [NR] | 1833-1923 |
| 245 10 - MENCION DE TITULO [NR] | |
| Título [NR] | Elementos de filosofía especulativa |
| Parte restante del título [NR] | Según las doctrinas de los escolásticos y singularmente de Santo Tomás de Aquino |
| Mención de responsabilidad, etc. [NR] | Obra escrita en italiano por el presbítero José Prisco y traducida de la segunda edición por Gavino Tejado |
| 250 ## - MENCION DE EDICION [NR] | |
| Mención de edición [NR] | Segunda edición |
| 260 ## - PUBLICACION, DISTRIBUCION, ETC. (PIE DE IMPRENTA) [R] | |
| Lugar de publicación, distribución, etc. [R] | Madrid (España) |
| Nombre del editor, distribuidor, etc. [R] | Nueva librería e imprenta de San José |
| Fecha de publicación, distribución, etc. [R] | 1884 |
| 300 ## - DESCRIPCION FISICA [R] | |
| Extensión [R] | 2 tomos en un volumen (426 ; 405 páginas) |
| Dimensiones [R] | 23 x 15 cm. |
| 500 ## - NOTA GENERAL [R] | |
| Nota general [NR] | Detalles físicos: Encuadernación rígida (española) en cartón forrado en cuero, lomo con tejuelo y adornos en dorado. Tapas y lomo con raspaduras y deterioro en bordes y esquinas, residuos de cinta pegante. Guardas en papel impreso, la interior con cinta, restauración anterior. Anteportada. Portadas impresas en una sola tinta. Prólogo del traductor. Texto en una columna con varios tipos y tamaños de letra. Notas al pie de página, algunas en latín. Algunas hojas rotas, págs. 5-6 en V.1. Papel manchado, oxidación en bordes |
| 505 ## - NOTA DE CONTENIDO CON FORMATO PREESTABLECIDO [R] | |
| Nota de contenido con formato preestablecido [NR] | V. 1: Prolegómenos a la filosofía; Lógica: La simple aprensión ; Los universales ; Definición y división ; Juicio y proposición ; Raciocinio ; Inducción ; Sofística, dialéctica y demostrativa ; Metodología -- Dinamilogía general: Facultades del alma humana ; Sensibilidad ; Entendimiento ; Conciencia ; Funciones del entendimiento -- Idealogía general: Doctrina sobre las ideas -- V.2: Ideología especial: Proceso del conocimiento humano ; Categorías ideológicas -- Criteriología: Escepticismo ; Fundamento de la certeza -- Cosmología: Sustancia de los cuerpos ; Vida vegetativa ; Armonía de la creación ; El mundo obra de Dios -- Antropología ; Teodicea |
| 506 ## - NOTA DE RESTRICCIONES DE ACCESO [R] | |
| Condiciones de acceso [NR] | Consulta en sala |
| 600 14 - ASIENTO SECUNDARIO DE MATERIA - NOMBRE PERSONAL [R] | |
| Nombre personal [NR] | Tomás de Aquino |
| Numeración [NR] | Santo |
| Fechas asociadas con el nombre [NR] | 1225-1274 |
| Subdivisión general [R] | Crítica e interpretación, etc. |
| 9 (RLIN) | 74872 |
| 650 #7 - ASIENTO SECUNDARIO DE MATERIA - TERMINO TEMATICO [R] | |
| Término temático o nombre geográfico como elemento de entrada [NR] | Filosofía |
| 9 (RLIN) | 75 |
| 650 #7 - ASIENTO SECUNDARIO DE MATERIA - TERMINO TEMATICO [R] | |
| Término temático o nombre geográfico como elemento de entrada [NR] | Ontología |
| 9 (RLIN) | 20750 |
| 650 #7 - ASIENTO SECUNDARIO DE MATERIA - TERMINO TEMATICO [R] | |
| Término temático o nombre geográfico como elemento de entrada [NR] | Metafísica |
| 9 (RLIN) | 19397 |
| 650 #7 - ASIENTO SECUNDARIO DE MATERIA - TERMINO TEMATICO [R] | |
| Término temático o nombre geográfico como elemento de entrada [NR] | Escolasticismo |
| 9 (RLIN) | 35557 |
| Subdivisión general [R] | Obras anteriores a 1800 |
| 690 ## - ASUNTO AGREGADO LOCAL DE ENTRADA - TÉRMINO TEMÁTICO (OCLC, RLIN) | |
| Acceso temático local | Filosofía |
| 9 (RLIN) | 75 |
| 700 1# - ASIENTO SECUNDARIO - NOMBRE PERSONAL [R] | |
| Nombre personal [NR] | Tejada, Gavino |
| Término de relación [R] | traductor |
| 9 (RLIN) | 64334 |
| 942 ## - ELEMENTOS DE ENTRADA AGREGADOS (KOHA) | |
| Tipo de ítem principal el descrito en 300a | Libro |
| Edición | 2 |
| Sistema de clasificación | LOCAL |
| Clasificación | E09N035 |
| Suprimido | Perdido | Sistema de clasificación | Dañado | No prestable | Tipo de ítem específico | Ubicación habitual | Ubicación actual | Localización | Fecha de creación | Forma de adquisición | Costo | Volúmen / Fascículo | Total préstamos | Signatura topográfica | Código de barras | Última vez visto | Ejemplar | Price effective from | Tipo de ítem |
|---|---|---|---|---|---|---|---|---|---|---|---|---|---|---|---|---|---|---|---|
| LOCAL | Libro archivo | Archivo Histórico | Archivo Histórico | Archivo histórico | 09/09/2014 | Donación | 0.00 | V.1-.2 | E09N035 | L001409 | 15/12/2012 | Ej.1 | 03/02/2013 | Libro |